Catálogo público

Understanding psychrometrics / (Record no. 220414)

MARC details
000 -CABECERA
campo de control de longitud fija 05052nam a2200397 a 4500
003 - IDENTIFICADOR DEL NÚMERO DE CONTROL
campo de control CHAP
005 - FECHA Y HORA DE LA ÚLTIMA TRANSACCIÓN
campo de control 20250130180616.0
007 - CAMPO FIJO DE DESCRIPCIÓN FÍSICA--INFORMACIÓN GENERAL
campo de control de longitud fija ta
008 - DATOS DE LONGITUD FIJA--INFORMACIÓN GENERAL
campo de control de longitud fija 250130s2013 -usado|fr|||| 001 0 eng d
020 ## - NÚMERO INTERNACIONAL ESTÁNDAR DEL LIBRO
Número Internacional Estándar del Libro 978-1-936504-31-2
020 ## - NÚMERO INTERNACIONAL ESTÁNDAR DEL LIBRO
Número Internacional Estándar del Libro 978-1-939200-47-1
040 ## - FUENTE DE LA CATALOGACIÓN
Centro catalogador/agencia de origen mxchpua
Centro/agencia transcriptor CHAP
Normas de descripción rda
041 ## - CÓDIGO DE LENGUA
Código de lengua del texto/banda sonora o título independiente eng
Código de lengua del sumario o resumen eng
Código de lengua de la tabla de contenido eng
Código de lengua original eng
050 10 - SIGNATURA TOPOGRÁFICA DE LA BIBLIOTECA DEL CONGRESO
Número de clasificación QC915
Número de documento/Ítem .G38 2013
082 00 - NÚMERO DE LA CLASIFICACIÓN DECIMAL DEWEY
Número de clasificación 551.5710287
Número de documento/Ítem G38 2013
100 1# - ENTRADA PRINCIPAL--NOMBRE DE PERSONA
Nombre de persona Gatley, Donald P.
9 (RLIN) 190009
245 10 - MENCIÓN DE TÍTULO
Título Understanding psychrometrics /
Mención de responsabilidad, etc. Donald P. Gatley
250 ## - MENCIÓN DE EDICIÓN
Mención de edición 3a edición
264 ## - PRODUCCIÓN, PUBLICACIÓN, DISTRIBUCIÓN, FABRICACIÓN Y COPYRIGHT
Producción, publicación, distribución, fabricación y copyright Atlanta, GA, USA :
Nombre del de productor, editor, distribuidor, fabricante ASHRAE,
Fecha de producción, publicación, distribución, fabricación o copyright 2013
300 ## - DESCRIPCIÓN FÍSICA
Extensión xvi, 383 páginas :
Otras características físicas ilustraciones, gráficas, diagramas, tablas, fotos
336 ## - TIPO DE CONTENIDO
Fuente rdacontent
Término de tipo de contenido texto
Código de tipo de contenido txt
337 ## - TIPO DE MEDIO
Fuente rdamedia
Nombre/término del tipo de medio sin medio
Código del tipo de medio n
338 ## - TIPO DE SOPORTE
Fuente rdacarrier
Nombre/término del tipo de soporte volumen
Código del tipo de soporte nc
504 ## - NOTA DE BIBLIOGRAFÍA, ETC.
Nota de bibliografía, etc. Bibliografía: páginas 365-370
505 0# - NOTA DE CONTENIDO CON FORMATO
Nota de contenido con formato Preface --<br/>Introduction --<br/>1. Psychrometric properties --<br/>2. Basic psychrometric processes --<br/>3. Processes in meteorology --<br/>4. Additional information --<br/>Appendices --<br/>Glossary --<br/>Bibliography --<br/>Index --<br/>Conversion equalities: I-P to SI Units.<br/>
520 2# - SUMARIO, ETC.
Sumario, etc. Understanding Psychrometrics serves as a lifetime reference manual and basic refresher course for those who use psychrometrics on a recurring basis and provides a four- to six-hour psychrometrics learning module to students; air-conditioning designers; agricultural, food process, and industrial process engineers; meteorologists and others. New in the Third Edition • Revised chapters for wet-bulb temperature and relative humidity and a revised Appendix V that includes a summary of ASHRAE Research Project RP-1485. • New constants for the universal gas constant based on CODATA and a revised molar mass of dry air to account for the increase of CO2 in Earth's atmosphere. • New IAPWS models for the calculation of water properties above and below freezing. • New tables based on the ASHRAE RP-1485 real moist-air numerical model using the ASHRAE LibHuAirProp add-ins for Excel®, MATLAB®, Mathcad®, and EES®. Includes Access to Bonus Materials and Sample Software • PDF files of 13 ultra-high-pressure and 12 existing ASHRAE psychrometric charts plus three new 0ºC to 400ºC charts. • A limited demonstration version of the ASHRAE LibHuAirProp add-in that allows users to duplicate portions of the real moist-air psychrometric tables in the ASHRAE Handbook—Fundamentals for both standard sea level atmospheric pressure and pressures from 5 to 10,000 kPa. • The hw.exe program from the second edition, included to enable users to compare the 2009 ASHRAE numerical model real moist-air psychrometric properties with the 1983 ASHRAE-Hyland-Wexler properties. Understanding Psychrometrics serves as a lifetime reference manual and basic refresher course for those who use psychrometrics on a recurring basis and provides a four- to six-hour psychrometrics learning module to students; air-conditioning designers; agricultural, food process, and industrial process engineers; meteorologists and others. New in the Third Edition • Revised chapters for wet-bulb temperature and relative humidity and a revised Appendix V that includes a summary of ASHRAE Research Project RP-1485. • New constants for the universal gas constant based on CODATA and a revised molar mass of dry air to account for the increase of CO2 in Earth's atmosphere. • New IAPWS models for the calculation of water properties above and below freezing. • New tables based on the ASHRAE RP-1485 real moist-air numerical model using the ASHRAE LibHuAirProp add-ins for Excel®, MATLAB®, Mathcad®, and EES®. Includes Access to Bonus Materials and Sample Software • PDF files of 13 ultra-high-pressure and 12 existing ASHRAE psychrometric charts plus three new 0ºC to 400ºC charts. • A limited demonstration version of the ASHRAE LibHuAirProp add-in that allows users to duplicate portions of the real moist-air psychrometric tables in the ASHRAE Handbook—Fundamentals for both standard sea level atmospheric pressure and pressures from 5 to 10,000 kPa. • The hw.exe program from the second edition, included to enable users to compare the 2009 ASHRAE numerical model real moist-air psychrometric properties with the 1983 ASHRAE-Hyland-Wexler properties.
650 13 - PUNTO DE ACCESO ADICIONAL DE MATERIA--TÉRMINO DE MATERIA
Término de materia o nombre geográfico como elemento de entrada Parámetros meteorológicos
Fuente del encabezamiento o término atg
9 (RLIN) 144138
650 17 - PUNTO DE ACCESO ADICIONAL DE MATERIA--TÉRMINO DE MATERIA
Término de materia o nombre geográfico como elemento de entrada Higrometría
Fuente del encabezamiento o término atg
9 (RLIN) 55351
650 13 - PUNTO DE ACCESO ADICIONAL DE MATERIA--TÉRMINO DE MATERIA
Término de materia o nombre geográfico como elemento de entrada Humedad
Fuente del encabezamiento o término atg
9 (RLIN) 56876
650 13 - PUNTO DE ACCESO ADICIONAL DE MATERIA--TÉRMINO DE MATERIA
Término de materia o nombre geográfico como elemento de entrada Meteorological parameters
Fuente del encabezamiento o término atg
9 (RLIN) 190012
650 13 - PUNTO DE ACCESO ADICIONAL DE MATERIA--TÉRMINO DE MATERIA
Término de materia o nombre geográfico como elemento de entrada Hygrometry
Fuente del encabezamiento o término atg
9 (RLIN) 190010
650 13 - PUNTO DE ACCESO ADICIONAL DE MATERIA--TÉRMINO DE MATERIA
Término de materia o nombre geográfico como elemento de entrada Humidity
9 (RLIN) 190011
856 40 - LOCALIZACIÓN Y ACCESO ELECTRÓNICOS
Identificador Uniforme del Recurso <a href="https://azaranstore.com/download/articles/157%20Psychrometrics%20ASHRAE.pdf">https://azaranstore.com/download/articles/157%20Psychrometrics%20ASHRAE.pdf</a>
Texto de enlace CONSULTAR LIBRO EN LINEA
856 40 - LOCALIZACIÓN Y ACCESO ELECTRÓNICOS
Identificador Uniforme del Recurso <a href="https://viewer.ebscohost.com/EbscoViewerService/ebook?an=786062&callbackUrl=https%3a%2f%2fresearch.ebsco.com&db=nlebk&format=EB&profId=eds&lpid=&ppid=&lang=es&location=https%3a%2f%2fresearch.ebsco.com%2fc%2f4mvtt6%2fsearch%2fdetails%2f6rhnze5cif%3fdb%3dnlebk&isPLink=False&requestContext=&profileIdentifier=4mvtt6&recordId=6rhnze5cif">https://viewer.ebscohost.com/EbscoViewerService/ebook?an=786062&callbackUrl=https%3a%2f%2fresearch.ebsco.com&db=nlebk&format=EB&profId=eds&lpid=&ppid=&lang=es&location=https%3a%2f%2fresearch.ebsco.com%2fc%2f4mvtt6%2fsearch%2fdetails%2f6rhnze5cif%3fdb%3dnlebk&isPLink=False&requestContext=&profileIdentifier=4mvtt6&recordId=6rhnze5cif</a>
Texto de enlace CONSULTAR LIBRO EN EBSCO
942 ## - ELEMENTOS DE PUNTO DE ACCESO ADICIONAL (KOHA)
Fuente del sistema de clasificación o colocación Dewey Decimal Classification
Tipo de ítem Koha Libro
Holdings
Estado de retiro Estado de pérdida Fuente del sistema de clasificación o colocación Estado dañado Restricciones de uso No para préstamo Código de colección Localización permanente Ubicación/localización actual Fecha de adquisición Fuente de adquisición Coste, precio normal de compra Número de inventario Total de préstamos Signatura topográfica completa Código de barras Fecha visto por última vez Número de copia Precio válido a partir de Tipo de ítem Koha
    Dewey Decimal Classification   Préstamo interno   General Ingenieria Agroindustrial Ingenieria Agroindustrial 31/10/2024 Compra Librería UACh F. 44637 3396.00 C/e   551.5710287 G38 2013 1102015224 30/01/2025 Ej. 1 30/01/2025 Libro